The Flags that Belong to... Pinocchio Edition - Statistics

General Stats
  • This quiz has been taken 563 times
  • The average score is 24 of 54
Answer Stats
Question Tile Select % Correct
Asia No
55%
Africa No
55%
Europe Yes
54%
North America No
53%
Africa Yes
52%
Africa No
52%
Asia No
49%
Asia Yes
48%
Africa Yes
48%
Africa No
48%
Europe No
48%
North America No
48%
Oceania No
48%
Asia Yes
47%
Asia No
47%
Asia No
47%
Asia Yes
47%
South America No
47%
Oceania No
47%
Asia Yes
46%
Africa No
46%
Europe No
46%
North America No
46%
Africa Yes
45%
Oceania Yes
45%
South America Yes
44%
Africa Yes
43%
Europe No
43%
Europe Yes
43%
North America Yes
43%
South America No
43%
Oceania No
43%
Asia Yes
42%
Europe No
42%
North America No
42%
South America Yes
42%
Oceania No
42%
Europe Yes
41%
North America Yes
41%
North America Yes
41%
North America Yes
41%
South America No
41%
South America No
41%
Oceania Yes
41%
Africa Yes
40%
Europe Yes
40%
Europe Yes
40%
North America Yes
40%
South America Yes
40%
South America Yes
40%
South America Yes
40%
Oceania Yes
40%
Oceania Yes
40%
Oceania Yes
40%
No matching quizzes found
Score Distribution
Percent of People with Each Score
Percentile by Number Answered
Your Score History
You have not taken this quiz